Statistics for Charlie Kaufman films

Click here to take the quiz!

General Stats

  • This quiz has been taken 73 times
    (24 since last reset)
  • The average score is 4 of 7

Answer Stats

YearAnswer% Correct
2002Adaptation
88%
1999Being John Malkovich
83%
2004Eternal Sunshine of the Spotless Mind
75%
2008Synecdoche, New York
63%
2015Anomalisa
50%
2001Human Nature
21%
2002Confessions of a Dangerous Mind
21%

Score Distribution

Percentile by Number Answered

Percent of People with Each Score

Your Score History

You have not taken this quiz since the last reset